000 00552nam a2200217Ia 4500
003 OSt
005 20230327114944.0
008 210210b2017 xxu||||| |||| 00| 0 eng d
020 _a9788173193026
040 _cAL
041 _aeng
082 _a574.192028 SAWI
100 _aSAWHNEY (S K)
_978342
245 _aIntroductory practical biochemistry
260 _aNew Delhi
_bNarosa Publishing House
_c2017
300 _axviii,452
690 _aBiochemistry
_978343
700 _aSINGH (Randhir) Ed
_978344
906 _a072953
942 _2ddc
_cBK
999 _c122922
_d122922